| 000 | 00757nam a22002297a 4500 | ||
|---|---|---|---|
| 003 | URS | ||
| 005 | 20230510164337.0 | ||
| 008 | 230510b |||||||| |||| 00| 0 eng d | ||
| 020 | _a978-621-427-077-4 | ||
| 040 |
_bEnglish _cURS _erda |
||
| 050 |
_aQA76.73 _b.P772 2021 |
||
| 100 |
_91476 _aPomperada, Jake R. _eauthor. |
||
| 245 |
_aIntroduction to perl programming / _cJake R. Pomperada. |
||
| 264 |
_aIntramuros, Manila : _bUnlimited Books LIbrary Services & Publishing, _c©2021. |
||
| 300 |
_a346 pages ; _c26 cm. |
||
| 336 |
_2rdacontent _atext _btxt |
||
| 337 |
_2rdamedia _aunmediated _bn |
||
| 338 |
_2rdacarrier _avolume _bnc |
||
| 504 | _aIncludes bibliographical references. | ||
| 650 | 0 |
_94616 _aPerl (Computer program language). |
|
| 942 |
_2lcc _cF |
||
| 999 |
_c69295 _d69294 |
||